| 000 | 00645cam a2200181 i 4500 | ||
|---|---|---|---|
| 005 | 20251112131440.0 | ||
| 008 | 250721s1997 gr 000 0 ara d | ||
| 082 | 1 | 4 |
_a189.1 _bم ح م |
| 100 | 1 |
_aمحمد، يحيى _eمؤلف. |
|
| 245 | 1 | 0 |
_aنقد العقل العربي في الميزان : دراسة معرفية تعنى... / _cيحي محمد. |
| 264 | 3 | 1 |
_aبيروت : _bمؤسسة الإنتشار العربي، _c1997. |
| 300 | _a264 صفحة. | ||
| 650 | 1 | 7 | _aالفلسفة الإسلامية. |
| 650 | 1 | 7 | _aالنقد الفلسفي. |
| 650 | 1 | 7 | _aالعقل. |
| 942 |
_2ddc _cBK |
||
| 999 |
_c100449 _d100449 |
||